000 00714nam a2200217 a 4500
008
020 _a0620199997 (pbk.)
049 _aMAIN
090 _aHF5279
100 1 _aVan der Berg, Willie.
245 1 0 _aHow to do profitable business with South Africa :
_bguidelines for small and medium entrepreneurs doing business in and with South Africa /
_cby Willie van der Berg.
260 _aKillarney :
_bDelvinfo,
_c[1996]
300 _a459 p. :
_bmaps ;
_c21 cm.
500 _aIncludes index.
650 0 _aSouth Africa
_xCommerce.
907 _a.b10051107
_b22-07-03
_c17-04-03
003
005 20230123133224.0
040 _cNUST
942 _cBOOKS
_kHF5279
999 _c144869
_d144869